000 00901nam a2200265 i 4500
003 OSt
005 20260423130205.0
008 260423s2024 nyu gr 000 f eng d
020 _a9780063280182
_cRM 109.95
_qpaperback
040 _aPPAK
_beng
_cPPAK
_erda
082 0 4 _223
_a813.6
090 0 0 _a813.6
_bFOU
_dG
245 0 0 _aFOURTEEN DAYS :
_bA LITERARY PROJECT OF THE AUTHORS GUILD OF AMERICA /
_cEDITED BY MARGARET ATWOOD AND DOUGLAS PRESTON
264 1 _aNew York :
_bHARPER PERENNIAL,
_c2024
300 _axi, 363 pages ;
_c20 cm
336 _atext
_2rdacontent
337 _aunmediated
_2rdamedia
338 _avolume
_2rdacarrier
650 1 0 _aCOVID-19 Pandemic, 2020-
_vFiction
650 2 0 _aSocial distance
_vFiction
650 2 0 _aNeighbors
_vFiction.
700 1 _aAtwood, Margaret,
_d1939-
_eeditor.
700 1 _aPreston, Douglas J.,
_eeditor.
942 _2ddc
_cB
999 _c203988
_d203988